| 000 | 00343nam a2200133Ia 4500 | ||
|---|---|---|---|
| 008 | 240719s9999 xx 000 0 und d | ||
| 041 | _aeng | ||
| 082 | _a530.11 ALB | ||
| 100 | _a Albo Greg | ||
| 245 | _aANew Global Geometry | ||
| 260 |
_aNew Dehli _bAakar Books _c2024 |
||
| 300 | _a350;. P. 24 Cm | ||
| 520 | _aFaculty Purchase by Dr. Shyam S | ||
| 999 |
_c41494 _d41494 |
||